000 00438nam a22001697a 4500
003 UA-OsUOA
001 5357
007 ta
008 20050721b un ||||| |||| 00| 0 ukr d
100 _aКовальчук
700 _aЯ. В.
942 _cBK
040 _aUA-OsUOA
_cUA-OsUOA
_dUA-OsUOA
245 _aВикорист. семантичн. синонімів у метод. склад. сем
_bSA Paper
955 _a2
650 7 _2UDC
999 _c291519
_d291519